000 00433nam a2200205Ia 4500
001 11920
003 GE_BSU
008 181216s||||||||xx |||||||||||||| ||und||
020 _a97807515376635
040 _cGE_BSU
080 _a821.111-31
100 _aColgan,Jenny.
245 _aWest end girls
260 _aLondon
260 _bSphere.
260 _c2006.
300 _a350p;20cm.
653 _aWest end girls
942 _cBK
999 _c45097
_d45097